[Event "Dortmund FSV op"]
[Site "Dortmund"]
[Date "2006.02.23"]
[Round "5"]
[White "Herrmann, Rudolf"]
[Black "Weers, Wolfgang"]
[Result "1/2-1/2"]
[WhiteElo "1404"]
[BlackElo "1159"]
[PlyCount "33"]
[EventDate "2006.01.19"]
[EventType "swiss"]
[EventRounds "9"]
[EventCountry "GER"]
[SourceTitle "EXT 2007"]
[Source "ChessBase"]
[SourceDate "2006.11.23"]
[SourceVersion "1"]
[SourceVersionDate "2006.11.23"]
[SourceQuality "1"]

1. d4 d5 2. Nf3 c5 3. c4 dxc4 4. Qa4+ Nc6 5. Qxc4 cxd4 6. Qa4 g6 7. e4 Bg7 8. Bb5 Qb6 9. 0-0 e5 10. Ng5 Nge7 11. Qb3 0-0 12. Bc4 Qxb3 13. Bxb3 Na5 14. Ba4 Nc4 15. b3 Nb6 16. Bb5 a6 17. Bc4 1/2-1/2

[Event "Dortmund FSV op"]
[Site "Dortmund"]
[Date "2006.02.16"]
[Round "4"]
[White "Weers, Wolfgang"]
[Black "Gerke, Dieter"]
[Result "1/2-1/2"]
[WhiteElo "1159"]
[BlackElo "1521"]
[PlyCount "71"]
[EventDate "2006.01.19"]
[EventType "swiss"]
[EventRounds "9"]
[EventCountry "GER"]
[SourceTitle "EXT 2007"]
[Source "ChessBase"]
[SourceDate "2006.11.23"]
[SourceVersion "1"]
[SourceVersionDate "2006.11.23"]
[SourceQuality "1"]

1. d4 d5 2. c4 e6 3. Nc3 Nf6 4. Bg5 Be7 5. e3 c6 6. Nf3 Nbd7 7. Bd3 0-0 8. 0-0 Re8 9. a3 dxc4 10. Bxc4 Nb6 11. Bd3 Nbd5 12. e4 Nxc3 13. bxc3 Qa5 14. Bd2 Qc7 15. Qc2 h6 16. Ne5 c5 17. f4 Rd8 18. Be3 b6 19. g4 Bb7 20. g5 hxg5 21. fxg5 cxd4 22. Bxd4 Rxd4 23. cxd4 Qd6 24. Qf2 Rd8 25. gxf6 Bxf6 26. Nf3 Qf4 27. Bc2 g5 28. e5 Be7 29. Rad1 Kg7 30. Ne1 Qg4+ 31. Ng2 Qh5 32. Qg3 Rh8 33. Rfe1 Bxa3 34. Ra1 Bb4 35. Re3 Bd2 36. Re2 1/2-1/2